Derecho y empresa revista de estudios jurd̕icos y de empresa

Bibliographic Details
Format: Unknown
Language:Spanish
Published: [Madrid] : Dijusa
Subjects:
Online Access:Acceso restringido

MARC

LEADER 00000ny a22000003n 4500
005 2011050902432.0
008 080806s20059999sp r s 000 a0spa c
022 |a 1699-0838 
035 |a 1266 
040 |a UMA.RE  |d vlex 
080 |a 34:658(460)(0.034) 
080 |a 658:34(460)(0.034) 
090 |c 1430  |d 1430 
245 0 0 |a Derecho y empresa  |h [Recurso electrn̤ico]  |b revista de estudios jurd̕icos y de empresa 
256 |a Servicio en ln̕ea 
260 |a [Madrid] :  |b Dijusa 
310 |a Trimestral 
506 1 |a Contenido solo disponible en los productos indicados  |d vLex Global  |d vLex Global (Academic Edition, excluding Law Schools)  |d vLex Global (U.S. Academic Edition, Law Schools)  |d vLex Global (U.S. Academic Edition, excluding Law Schools)  |d vLex Global (Academic Edition, Law Schools) 
650 0 7 |2 Tesauro vLex  |a Seguridad vial 
650 0 7 |2 Tesauro vLex  |a Trafico 
650 0 7 |2 Tesauro vLex  |a Responsabilidad por el uso de vehc̕ulos 
740 0 |a vLex Revista (Servicios en ln̕ea) 
856 4 0 |u http://vlex.com/source/1266  |z Acceso restringido 
942 |c REV